Pope Benedict XVI - Statistics

General Stats
  • This quiz has been taken 39 times
  • The average score is 8 of 12
Answer Stats
Hint Answer % Correct
He was born in this country Germany
97%
Benedict`s successor as pope Francis
94%
He was the 265th successor of this apostle Peter
94%
Benedict`s predecessor as pope John Paul II
88%
His surname, before he became pope Ratzinger
76%
He died at this age 95
74%
He was Archbishop of this German city Munich
74%
He was forced to join this organisation in the year 1941 Hitler Youth
59%
He attended this council as theological advisperitus (expert) from 1962 to 1965 Second Vatican council
38%
He wrote this book about Christ: _____ of ______ Jesus of Nazareth
29%
Before he became pope, he was prefect of this congregation Congregation for the Doctrine of the Faith
21%
He was the first pope ever to visit this building in Jerusalem Dome of the Rock
18%
No matching quizzes found
Score Distribution
Percent of People with Each Score
Percentile by Number Answered
Your Score History
You have not taken this quiz